Soil microbial associations : control of structures and functions

Saved in:
Bibliographic Details
Other Authors: Vancura, Vlastimil (Editor), Kunc, Frantisek (Editor)
Format: Book
Language:English
Published: Amsterdam : Elsevier, c1988
Series:Developments in agricultural and managed-forest ecology ; ; 17
Subjects:
Tags: Add Tag
No Tags, Be the first to tag this record!

MARC

LEADER 00000nam a2200000 i 4500
001 1/66781
008 931021s1988 eng d
020 |a 0-444-98961-7 
035 |a ΛΕΣΒΟΣb10001784  |l 10001784 
040 |a GR-MY-UA  |b gre  |e aacr 
041 0 |a eng 
082 0 |a 631.46 
245 1 0 |a Soil microbial associations :  |b control of structures and functions /  |c Edited by Vlastimil Vancura; Frantisek Kunk 
260 |a Amsterdam :   |b Elsevier,   |c c1988 
300 |a 498 p. 
490 1 |a Developments in agricultural and managed-forest ecology  |v ; 17 
500 |a Published in co-edition with Academia Publishing House of the Czechoslovak Academy of Sciences, Prague, Czechoslovakia. T.p. verso. 
504 |a Includes bibliographical references and index 
650 0 0 |a Soil microbiology. 
700 1 |a Vancura, Vlastimil.  |4 edt 
700 1 |a Kunc, Frantisek.  |4 edt 
830 0 |a Developments in agricultural and managed-forest ecology ;  |v ; 17 
852 |a INST  |b LESVOS  |e 19931021  |h 631.46 SOI  |p 005100006091  |q 005100006091  |t BK  |y 0 
909 |a Λ  |b 015979